| 000 | 01337cam a22003737a 4500 | ||
|---|---|---|---|
| 003 | CHAP | ||
| 005 | 20220329142346.0 | ||
| 008 | 000921d1999 mx a r 00110 esp d | ||
| 010 | _a82316 | ||
| 011 | _a83288 | ||
| 020 | _a968856575X | ||
| 035 | _a93799 | ||
| 040 | _cCHAP | ||
| 082 |
_a630.215 _bG6 |
||
| 100 | 0 | 0 |
_aGonzález Jácome, Alba _e,comp. _949080 |
| 245 | 1 | 0 |
_aAgricultura y sociedad en México : _bdiversidad, enfoques, estudios de caso _c/comp. por Alba González Jácome y Silvia del Amo Rodríguez |
| 260 |
_aMéxico, D.F. : _bPlaza y Valdés, _c1999. |
||
| 300 | _a333 p. : ilus. | ||
| 590 |
_aBATCH-UPD _b10 _c20130110 _lUCH01 _h0740 |
||
| 590 |
_aBATCH-UPD _b10 _c20130410 _lUCH01 _h0422 |
||
| 590 |
_aBATCH-UPD _b10 _c20130914 _lUCH01 _h0044 |
||
| 590 |
_aBATCH-UPD _b10 _c20190530 _lUCH01 _h1452 |
||
| 590 |
_aCONVERSION _b10 _c20130109 _lUCH01 _h1346 |
||
| 650 | 1 | 4 |
_aAgricultura _zMéxico. _91932 |
| 650 | 1 | 4 |
_aChinampas. _922577 |
| 650 | 1 | 4 |
_aDesarrollo de la comunidad rural _zMéxico. _932040 |
| 650 | 1 | 4 |
_aEcología agrícola. _935165 |
| 650 | 1 | 4 |
_aRecursos naturales _xAprovechamiento. _995190 |
| 700 | 0 |
_aAmo Rodriguez, Silvia del _e, comp. _95357 |
|
| 901 | _aBK | ||
| 905 | _aPatricia Mendoza P. | ||
| 942 | _cLIBRO | ||
| 949 |
_a630.215 G6 _bBC _cLIBRO _d33724000792057 _eLIBRO _g206450 _h98661 _i93799 _si _t$156.00 |
||
| 999 |
_c82316 _d82316 |
||